| 000 | 01550cam a2200397 ia4500 | ||
|---|---|---|---|
| 001 | zz2004986650 | ||
| 003 | NUKAT | ||
| 005 | 20260422200241.0 | ||
| 008 | 040604s1873 pl e |000 0 pol c | ||
| 035 | _a(OCoLC)749634206 | ||
| 035 | _a(NUKAT)zz2004986650 | ||
| 040 |
_aLUBL M/JD _cLUBL M/JD _dLUBL M/IK _dTOR U/kn _dŁ U/GSs _dWA U/DK |
||
| 046 | _k1873 | ||
| 245 | 0 | 0 |
_aEncyklopedja kościelna : _bpodług teologicznej encyklopedji Wetzera i Weltego, z licznemi jej dopełnieniami. _nT. 1- / _cprzy współpr. kilkunastu duchownych i świeckich osób wyd. przez Michała Nowodworskiego. |
| 246 | 3 | _aEncyklopedia kościelna | |
| 260 |
_aWarszawa : _bw Drukarni Czerwińskiego i Spółki, _c1873-. |
||
| 300 |
_aWol. ; _c23 cm. |
||
| 336 |
_aTekst _btxt _2rdacontent |
||
| 337 |
_aBez urządzenia pośredniczącego _bn _2rdamedia |
||
| 338 |
_aWolumin _bnc _2rdacarrier |
||
| 380 | _aKsiążki | ||
| 380 | _aPublikacje informacyjne | ||
| 388 | 1 | _a1801-1900 | |
| 530 | _aDostępny również w formie elektronicznej. | ||
| 650 | 7 |
_aChrześcijaństwo _2DBN _940337 |
|
| 650 | 7 |
_aKatolicyzm _2DBN _935191 |
|
| 650 | 7 |
_aReligioznawstwo _2DBN _940415 |
|
| 650 | 7 |
_aKościół _vencyklopedie. _2kaba _940416 |
|
| 650 | 7 |
_aChrześcijaństwo _vencyklopedie. _2kaba _940417 |
|
| 650 | 7 |
_aChrześcijaństwo _vbiografie _vsłowniki. _2kaba _940418 |
|
| 655 | 7 |
_aEncyklopedia _2DBN _934994 |
|
| 658 | _aReligia i duchowość | ||
| 700 | 1 |
_aNowodworski, Michał _d(1831-1896). _eWyd. _940419 |
|
| 856 | 4 | 1 | _uhttp://polona.pl/item/40738467 |
| 942 |
_2ddc _cBK_NM |
||
| 999 |
_c27730 _d27730 |
||